00172nam a2200073 4500082001600000245002300016260005100039300000800090 a512.904 DEN aElementary algebra aAtlanta/BostonbHoughton Mifflin Companyc1977 a474